Konstrukcija i technologija poluprovodnikovych fotoelektričeskich priborov

Na minha lista:
Detalhes bibliográficos
Autor principal: Ambroziak, A (Author)
Formato: Livro
Idioma:russo
Publicado em: Moskva : Sovetskoje radio, 1970
Tags: Adicionar Tag
Sem tags, seja o primeiro a adicionar uma tag!

MARC

LEADER 00000nam a22000003a 4500
001 stu204612
005 20150617230053.7
008 100531s1970----xxr-----------------rus-d
040 |a STU  |b slo 
041 0 |a rus 
044 |a xxr 
080 |a 621.383.002.3  |7 stu_us_auth*stu7244 
100 1 |a Ambroziak, A  |4 aut 
245 1 |a Konstrukcija i technologija poluprovodnikovych fotoelektričeskich priborov 
260 |a Moskva :  |b Sovetskoje radio,  |c 1970 
300 |a 392 s 
996 |b E24505  |c E*24505  |l EE11  |s P  |a 0  |w stu204612_0001